Statistiques concernant Emblèmes de pays n°2

Cliquez ici pour prendre le quiz!

Statistiques générales

  • Ce quiz a été pris 77 fois
  • Le résultat moyen est 5 sur 10

Statistiques - réponses

Réponse% Correct
Madagascar
97%
France
81%
Hongrie
53%
Saint Marin
53%
république démocratique du Congo
43%
Monaco
40%
Pérou
32%
Arabie Saoudite
32%
Botswana
29%
Danemark
16%

Distribution des résultats

Percentile par nombre de réponses

% des personnes avec chaque résultat

Votre développement - résultats

Vous n’avez pas pris ce quiz